000 00711nam a2200241 a 4500
001 BRCA_8203
005 20190320210156.0
008 140514s1915----nyua###f##---#001-0#eng-#
041 _aeng
044 _anyu
050 4 _aNK4320
_b.S7 1915
100 1 _aAtlee Barber, Edwin
_920441
245 1 0 _aSpanish Maiolica
_cby Edwin Atlee Barber.
260 _aNueva York
_bHispanic Society of America
_c1915
300 _a1 v. (paginación variada)
_bil.
_c21 cm.
440 0 _aThe Hispanic Society of America
_v91
_912901
500 _aU72
650 1 4 _aMaiolica
_vArte
_zEspaña
_920442
650 1 4 _aCerámica española
_91422
650 1 4 _aAzulejos y vajillas
_zEspaña
_920443
902 _aGFM
942 _2lcc
_cB
999 _c7871
_d7871